|
|
|
|
| LEADER |
00000nam0a2200000 4500 |
| 001 |
328222 |
| 005 |
20231102004035.0 |
| 035 |
|
|
|a (RuTPU)RU\TPU\book\353922
|
| 090 |
|
|
|a 328222
|
| 100 |
|
|
|a 20170214d1980 m y0rusy50 ca
|
| 101 |
0 |
|
|a rus
|a eng
|
| 102 |
|
|
|a RU
|
| 105 |
|
|
|a a z 000zy
|
| 200 |
1 |
|
|a Покровский собор (храм Василия Блаженного)
|f Государственный исторический музей (ГИМ)
|
| 210 |
|
|
|a Москва
|c Внешторгиздат
|d 1980
|
| 215 |
|
|
|a 32 с.
|c ил.
|
| 317 |
|
|
|5 63413507: КР-2248
|a Поступила в НТБ в 2017 г. в составе книжного собрания ректора ТПИ И. П. Чучалина
|
| 606 |
1 |
|
|a Соборы
|x Архитектура
|2 stltpush
|3 (RuTPU)RU\TPU\subj\55400
|9 73436
|
| 610 |
1 |
|
|a история
|
| 610 |
1 |
|
|a Россия
|
| 610 |
1 |
|
|a Храм Василия Блаженного
|
| 610 |
1 |
|
|a Покровский собор
|
| 610 |
1 |
|
|a Москва
|
| 610 |
1 |
|
|a собор Покрова Богородицы
|
| 610 |
1 |
|
|a коллекция И. П. Чучалина
|
| 610 |
1 |
|
|a дары библиотеке
|
| 675 |
|
|
|a 726.6
|v 4
|
| 712 |
0 |
2 |
|a Государственный исторический музей (ГИМ)
|c (Москва)
|2 stltpush
|3 (RuTPU)RU\TPU\col\441
|
| 801 |
|
1 |
|a RU
|b 63413507
|c 20170214
|
| 801 |
|
2 |
|a RU
|b 63413507
|c 20190125
|g RCR
|
| 942 |
|
|
|c BK
|